000 00510nam a22001817a 4500
005 20251108165036.0
008 250721s1998 xx 000 0 ara d
082 1 4 _a364/جزا
100 1 _aالجزائري، محمد
245 1 0 _aأبناء الشيطان /
264 1 _aبيروت :
_bدار الحسام للطباعة والنشر،
_c1998.
300 _a192ص
650 1 7 _aالمجرمون
650 1 7 _aعلم الجريمة
650 1 7 _aالجريمة
942 _2ddc
_cBK
999 _c20674
_d20674